000 00657nam a2200241Ia 4500
003 OSt
005 20220918222015.0
006 a|||||r|||| 00| 0
007 ta
008 220917b |||||||| |||| 00| 0 eng d
024 _a214,390
037 _cTextual
040 _aARTS
_cARTS
_beng
041 _2eng
_aeng
082 _azR:(Q6)w, L0
100 _aModak Manorama R
_9141973
245 0 _aWorld is my family
_b Biography of Rev Ramkrishna Shahu Modak
260 _aBombay
_bThackers
_c1970
300 _ax, 266 p
_ccm.
650 _aGENERALIA
942 _hzR:(Q6)w, L0
_cTEXL
_2CC
999 _c274296
_d274296